Ειδική διδακτική : συνταχθείσα κατά τα νεώτερα πορίσματα της επιστήμης

Αποθηκεύτηκε σε:
Λεπτομέρειες βιβλιογραφικής εγγραφής
Κύριος συγγραφέας: Ισηγόνης, Αντώνιος Μ.
Μορφή: Βιβλίο
Γλώσσα:Greek
Δημοσίευση: Αθήναι : [χ.ό], 1970.
Έκδοση:4η έκδ.
Θέματα:
Ετικέτες: Προσθήκη ετικέτας
Δεν υπάρχουν, Καταχωρήστε ετικέτα πρώτοι!

MARC

LEADER 00000cam a2200000 i 4500
001 1/89904
008 080626s1970 gr | ||| |||| ||gre||
035 |l 10098491 
040 |a GR-MY-UA  |b gre  |e aacr 
041 0 |a gre 
082 7 |a 371.3   |2 (22) 
100 1 |a Ισηγόνης, Αντώνιος Μ. 
245 1 0 |a Ειδική διδακτική :   |b συνταχθείσα κατά τα νεώτερα πορίσματα της επιστήμης /   |c Αντ. Μ. Ισηγόνη.  
250 |a 4η έκδ. 
260 |a Αθήναι :   |b [χ.ό],   |c 1970.  
300 |a 189 σ.  
650 0 0 |a Elementary school teaching. 
650 0 0 |a Active learning. 
650 0 0 |a Teaching. 
650 0 0 |a Activity programs in education. 
650 0 0 |a Education  |x Experimental methods. 
650 0 0 |a Creative thinking. 
852 |a INST  |b RHODES  |c AKA  |e 20080626  |h 371.3 ΙΣΗ  |p 005400028910  |q 005400028910  |t BK  |y 0 
901 |a BIBL4-2008-2 
909 |a Ρ  |b 150294 
970 |a ΜΙΣΣΟΣ  |b ΣΤΑΥΡΟΣ  |z 2008/06/26